What did Jesus say about that? / (Record no. 4895)
[ view plain ]
| 000 -LEADER | |
|---|---|
| fixed length control field | 00705nam a2200265 i 4500 |
| 001 - CONTROL NUMBER | |
| control field | 21800 |
| 003 - CONTROL NUMBER IDENTIFIER | |
| control field | GBCCL |
| 005 - DATE AND TIME OF LATEST TRANSACTION | |
| control field | 20241126110529.0 |
| 008 - FIXED-LENGTH DATA ELEMENTS--GENERAL INFORMATION | |
| fixed length control field | 750825s1975 ilu 000 0 eng |
| 010 ## - | |
| -- | 74028510 |
| 020 ## - INTERNATIONAL STANDARD BOOK NUMBER | |
| International Standard Book Number | 088207718X : |
| Terms of availability | $1.95 |
| 035 ## - SYSTEM CONTROL NUMBER | |
| System control number | (OCoLC)01659377 |
| 040 ## - CATALOGING SOURCE | |
| Original cataloging agency | DLC |
| Transcribing agency | DLC |
| 049 ## - | |
| -- | LBBK |
| 050 0# - | |
| -- | BS2415 |
| -- | .B333 |
| 082 ## - DEWEY DECIMAL CLASSIFICATION NUMBER | |
| Classification number | 232.954 |
| Item number | BAL |
| 092 ## - LOCALLY ASSIGNED DEWEY CALL NUMBER (OCLC) | |
| Classification number | 232.911 |
| Item number | B182 |
| 100 1# - MAIN ENTRY--PERSONAL NAME | |
| Personal name | Baldwin, Stanley C. |
| 9 (RLIN) | 8916 |
| 245 10 - TITLE STATEMENT | |
| Title | What did Jesus say about that? / |
| Statement of responsibility, etc. | Stanley C. Baldwin. |
| 260 ## - PUBLICATION, DISTRIBUTION, ETC. | |
| Place of publication, distribution, etc. | Wheaton, Ill. : |
| Name of publisher, distributor, etc. | Victor Books, |
| Date of publication, distribution, etc. | c1975. |
| 300 ## - PHYSICAL DESCRIPTION | |
| Extent | 156 p. ; |
| Dimensions | 21 cm. |
| 490 0# - SERIES STATEMENT | |
| Series statement | An Input book |
| 600 00 - SUBJECT ADDED ENTRY--PERSONAL NAME | |
| Personal name | Jesus Christ |
| General subdivision | Teachings. |
| 9 (RLIN) | 527 |
| 942 ## - ADDED ENTRY ELEMENTS (KOHA) | |
| Source of classification or shelving scheme | Dewey Decimal Classification |
| Koha item type | Books |
| Koha issues (borrowed), all copies | 5 |
| Withdrawn status | Lost status | Source of classification or shelving scheme | Damaged status | Not for loan | Home library | Current Library | Shelving location | Date acquired | Total checkouts | Full call number | Barcode | Date last seen | Date last checked out | Copy number | Price effective from | Koha item type |
|---|---|---|---|---|---|---|---|---|---|---|---|---|---|---|---|---|
| Dewey Decimal Classification | GRACE BIBLE COLLEGE | GRACE BIBLE COLLEGE | Theology | 2018-02-13 | 3 | 232.954 BAL | 003177 | 2025-05-01 | 2023-10-17 | c.1 | 2018-02-13 | Books | ||||
| Dewey Decimal Classification | GRACE BIBLE COLLEGE | GRACE BIBLE COLLEGE | Theology | 2018-04-02 | 2 | 232.954 BAL | 003193 | 2025-05-01 | 2022-09-20 | c.2 | 2018-04-02 | Books |